Underrepresented minorities and women in science, mathematics, and engineering : problems and issues for the 1990s /

Bibliographic Details
Main Author: Matthews, Christine M.
Corporate Author: Library of Congress. Congressional Research Service
Format: Microform Book
Language:English
Published: [Washington, D.C.] : Congressional Research Service, Library of Congress, [1990]
Series:Major studies and issue briefs of the Congressional Research Service. Supplement ; 1991, reel 1, fr. 0706.
Subjects:

MARC

Tag First Indicator Second Indicator Subfields
LEADER 00000cam a2200000 a 4500
001 in00001292413
005 20151004090836.0
007 hd afa014baca
008 920320s1990 dcua ab f000 0 eng d
035 |a (OCoLC)25505874 
035 |9 AGZ5726AM 
040 |a UPA  |c UPA  |d UtOrBLW 
043 |a n-us--- 
049 |a TXAI 
090 |a JK1108  |b .M35 Suppl. 1991 reel 1 
099 |a Film   |a  S   |a  1717 1991, reel 1, fr. 0706. 
100 1 |a Matthews, Christine M. 
245 1 0 |a Underrepresented minorities and women in science, mathematics, and engineering :  |b problems and issues for the 1990s /  |c Christine M. Matthews. 
264 1 |a [Washington, D.C.] :  |b Congressional Research Service, Library of Congress,  |c [1990] 
300 |a 76 pages :  |b illustrations ;  |c 28 cm. 
336 |a text  |b txt  |2 rdacontent 
337 |a microform  |b h  |2 rdamedia 
338 |a microfilm reel  |b hd  |2 rdacarrier 
500 |a Cover title. 
500 |a At head of title: CRS report for Congress. 
500 |a "September 5, 1990." 
504 |a Includes bibliographical references. 
500 |a "91-26 SPR." 
533 |a Microfilm.  |b Arlington, Va. :  |c University Publications of America,  |d 1992.  |e on 1 microfilm reel ; 35 mm. Low reduction.  |f (Major studies and issue briefs of the Congressional Research Service. 1991-1992 supplement ; reel 1, fr. 0706). 
500 |a Microform. 
650 0 |a Women in science  |z United States. 
650 0 |a Minorities in science  |z United States. 
650 0 |a Women in mathematics  |z United States. 
650 0 |a Women in engineering  |z United States. 
650 0 |a Minorities in engineering  |z United States. 
710 2 |a Library of Congress.  |b Congressional Research Service. 
830 0 |a Major studies and issue briefs of the Congressional Research Service.  |p Supplement ;  |v 1991, reel 1, fr. 0706. 
999 |a MARS 
999 f f |s bb56c2f3-7d1b-3cfe-9086-9eece73dbbf3  |i c0d93848-838c-34dd-b7d7-f612044ed2cc  |t 0 
952 f f |p default  |a Texas A&M University  |b College Station  |c Sterling C. Evans Library  |d Evans: Microforms (3rd floor)  |t 0  |e Film S 1707 1991, reel 1 fr. 0706  |h Other scheme  |i microform -- microfilm reel 
998 f f |a Film S 1707 1991, reel 1 fr. 0706  |t 0  |l Evans: Microforms (3rd floor)